02920cam a22003735a 45000010009000000050017000090080041000260100017000670200019000840200015001030350020001180400034001380820024001721000048001962450082002442500017003262600043003433000038003865000088004245000024005125040041005365050406005775201114009836500043020976500035021406500044021756510010022196530024022297000045022537000043022989420027023419990017023689520161023851849712520160823131746.0150217s2015 enka frb 001 0 eng d a 2015006389 a9781119967668  a111996766X a(DNLM)101651799 aDNLM/DLCbengcDLCdEG-ScBUE 04222a617.52044 bPER1 aPerry, Michael‏ ‎c(Surgeon)‏.94081010aFractures of the facial skeleton /cMichael Perry, Andrew Brown, Peter Banks. a2nd edition. aWest Sussex :bWiley-Blackwell,c2015. aix, 166 p. :bcol. ill. ;c24 cm. aPreceded by: Fractures of the facial skeleton / Peter Banks and Andrew Brown. 2001. aIndex : p. 161-166. aIncludes bibliographical references.0 aFacial trauma : incidence, aetiology and principles of treatment -- Emergency management of facial trauma -- Clinical features of facial fractures -- Imaging -- Treatment of dentoalveolar injuries -- Treatment of fractures of the mandible -- Treatment of fractures of the midface and upper face -- Soft tissue injuries and fractures associated with tissue loss -- Post-operative care -- Complications. aFractures of the Facial Skeleton, Second Edition gives a clear, concise and practical overview of the management of maxillofacial injuries. This new edition has been fully updated to include recent developments and improvements in facial trauma management, with expanded sections on emergency and early treatment, soft tissue injuries and major maxillofacial injuries. Written by an experienced author team, this text will appeal to trainees in all surgical specialities involved in facial trauma. Summary tables and colour illustrations throughout aid understanding, making this both an ideal introduction to the subject and a useful exam revision text. Key features include: -New, updated edition of a well-respected text -Easy-to-read, practical clinical handbook -Covers aetiology and anatomy, emergency management of trauma, imaging, treatment of dentoalveolar, mandible and midfacial injuries, postoperative care, and complications -Suitable for postgraduate students, trainees and practitioners in oral and maxillofacial surgery and practitioners of other medical disciplines involved in facial trauma. 7aFacial Bones xinjuries.2BUEsh940816 7aSkull Fractures.2BUEsh940814 7aFacial Injuriesxtherapy.2BUEsh940813 2BUEsh bDDentcAugust 2016 1 aBrown, Andrew‏q(Andrew K.)‏ 9408111 aBanks, Peter,‏ ‎d1936-‏ 940812 2ddce22k617.52044 PER c22204d22176 00102ddc40708AcademicaMAINbMAINc1STd2016-08-23ePurchaseg588.00h9126l1m2o617.52044 PERp000033154r2025-07-15 00:00:00s2025-03-18v735.00yBB